00723nam a22001817a 4500008004100000020001500041050002800056245013400084260004600218300002400264440003000288500002000318800002300338800002000361942001200381999001600393952013200409161123b xxu||||| |||| 00| 0 eng d a0192146629 aKZ21.B7(1972-73 vol.46) aThe British year book of international law1972-1973: Forty sixth year of issue. /cedited by Humphrey Waldock and R. Y. Jennings. aLondon :bOxford University Press,c1975. axxx, 545p. :c24cm. pBritish yearbook.vvol.46 aIncludes index. aWaldock, Humphrey. aJennings, R. Y. 2lcccBK c6159d13659 00102lcc4070aWIUC-1bWIUC-1cLLd2016-11-23l0oKZ21.B7(1972-73 vol.46)p294/115/16r2016-11-23 00:00:00t1w2016-11-23yBK